Grain grading primer / (Record no. 11614)
[ view plain ]
| 000 -LEADER | |
|---|---|
| fixed length control field | 01034cam a22002651a 4500 |
| 001 - CONTROL NUMBER | |
| control field | agr57000261 |
| 003 - CONTROL NUMBER IDENTIFIER | |
| control field | DLC |
| 005 - DATE AND TIME OF LATEST TRANSACTION | |
| control field | 20260227111019.0 |
| 008 - FIXED-LENGTH DATA ELEMENTS--GENERAL INFORMATION | |
| fixed length control field | 831111s1957 dcua f000 0 eng |
| 010 ## - LIBRARY OF CONGRESS CONTROL NUMBER | |
| LC control number | agr57000261 |
| 035 ## - SYSTEM CONTROL NUMBER | |
| System control number | (OCoLC)10120003 |
| 040 ## - CATALOGING SOURCE | |
| Original cataloging agency | DLC |
| Transcribing agency | IMolD |
| Modifying agency | DNAL |
| -- | DLC |
| 042 ## - AUTHENTICATION CODE | |
| Authentication code | premarc |
| 050 00 - LIBRARY OF CONGRESS CALL NUMBER | |
| Classification number | S21 |
| Item number | .A46 no. 740 |
| 070 0# - NATIONAL AGRICULTURAL LIBRARY CALL NUMBER | |
| Classification number | 1 |
| Item number | Ag84M no.740 |
| 072 0# - SUBJECT CATEGORY CODE | |
| Subject category code | E710 |
| -- | Q004 |
| 245 00 - TITLE STATEMENT | |
| Title | Grain grading primer / |
| Statement of responsibility, etc. | [prepared by the Grain Division, Agricultural Marketing Service]. |
| 260 ## - PUBLICATION, DISTRIBUTION, ETC. | |
| Place of publication, distribution, etc. | Washington, D.C. : |
| Name of publisher, distributor, etc. | U.S. Dept. of Agriculture, |
| Date of publication, distribution, etc. | 1957. |
| 300 ## - PHYSICAL DESCRIPTION | |
| Extent | 66 p. : |
| Other physical details | ill. ; |
| Dimensions | 24 cm. |
| 490 1# - SERIES STATEMENT | |
| Series statement | Miscellaneous publication / United States Department of Agriculture ; |
| Volume/sequential designation | no. 740 |
| 500 ## - GENERAL NOTE | |
| General note | Revision of and supersedes Agriculture handbook no. 59 of the same title by W.B. Combs and F.G. Smith. |
| 650 #0 - SUBJECT ADDED ENTRY--TOPICAL TERM | |
| Topical term or geographic name entry element | Grain |
| General subdivision | Grading. |
| 710 1# - ADDED ENTRY--CORPORATE NAME | |
| Corporate name or jurisdiction name as entry element | United States. |
| Subordinate unit | Agricultural Marketing Service. |
| -- | Grain Division. |
| 830 #0 - SERIES ADDED ENTRY--UNIFORM TITLE | |
| Uniform title | Miscellaneous publication (United States. Department of Agriculture) ; |
| Volume/sequential designation | no. 740. |
No items available.